| 000 | 006570000a22002170004500 | ||
|---|---|---|---|
| 020 | _a958-648372 | ||
| 041 | 0 | _aSpa | |
| 082 | 0 | 4 | _aG 371.3 L6161m |
| 100 | 1 | _aLerma, Héctor Daniel | |
| 245 | 1 | 0 | _aMetodología de la investigación: propuesta, anteproyecto y proyecto / Héctor Daniel Lerma |
| 250 | _a3 ed. | ||
| 260 | _aBogotá : Ecoe | ||
| 300 | _a165 Pag. | ||
| 520 | _aLa propuesta / El anteproyecto / proyecto | ||
| 650 | 1 | 4 | _aMETODOLOGIA CIENTIFICA \ INVESTIGACION CIENTIFICA \ METODOLOGIA |
| 001 | 14868 | ||
| 942 | _cBK | ||
| 999 |
_c43687 _d43687 |
||
| 336 |
_atexto _btxt _2rdacontent |
||
| 337 |
_2rdamedia _asin mediación _bn |
||
| 338 |
_2rdacarrier _avolumen _bnc |
||